| 000 | 00566nam a2200217Ia 4500 | ||
|---|---|---|---|
| 003 | OSt | ||
| 005 | 20220926035116.0 | ||
| 006 | a|||||r|||| 00| 0 | ||
| 007 | ta | ||
| 008 | 220923b |||||||| |||| 00| 0 eng d | ||
| 037 | _cGeneral Book | ||
| 040 |
_aRTL _cRTL _beng |
||
| 041 |
_2eng _aeng |
||
| 082 | _aX512:8, J3 | ||
| 100 |
_aMcGregor C H _9272160 |
||
| 245 | 0 | _aRetail management problems of small and medium-siz | |
| 260 | _c1951 | ||
| 650 |
_aRetail _9233455 |
||
| 942 |
_hX512:8, J3 _cGB _2CC |
||
| 999 |
_c661339 _d661339 |
||